000 00563nam 22001933 4500
001 200498
010 _a84-494-0368-5
021 _aPT
_bB-15783-97
090 _a200498
100 _a20260210d u||y0pory50 ba
200 _aDiccionario de medicina
_fDirecção Carlos Gispert
210 _aBarcelona
_cOceano Grupo Editorial
_dD.L. 1997
215 _a1504 p.
_cil. ; encadernado
_d26 cm
606 _95689
_aCiências Aplicadas Medicina
675 _a61(030)A/Z
_vES
_zspa
702 _99450
_aGispert
_bCarlos
801 _aPT
_bBMMN
_gRPC
830 _cAna
_fAna
990 _cLIVROS